Pokémon - Les attaques de Raichu - Statistiques

Statistiques générales
  • Ce quiz a été pris 28 fois
  • Le résultat moyen est 13 sur 21
Statistiques - réponses
Niveaux Types Noms des attaques % Correct
Départ Électrique Fatal-Foudre
100%
Départ Électrique Tonnerre
100%
Départ Électrique Cage Éclair
94%
Départ Électrique Éclair
94%
Départ Normal Mimi-Queue
81%
Départ Normal Rugissement
69%
Départ Normal Vive-Attaque
69%
Départ Électrique Boule Élek
63%
Départ Électrique Étincelle
63%
Départ Psy Hâte
63%
Départ Psy Mur Lumière
63%
Départ Évolution Électrique Poing Éclair
63%
Départ Fée Charme
56%
Départ Électrique Coup d'Jus
56%
Départ Électrique Frotte-Frimousse
56%
Départ Fée Doux Baiser
38%
Départ Ténèbres Machination
38%
Départ Normal Souplesse
38%
Départ Normal Reflet
25%
Départ Normal Camaraderie
19%
Départ Normal Ruse
13%
Aucun quiz correspondant
Distribution des résultats
% des personnes avec chaque résultat
Percentile par nombre de réponses
Votre historique - résultats
Vous n’avez pas pris ce quiz